000 00296nam a22001337a 4500
008 170405b xxu||||| |||| 00| 0 eng d
020 _a25327
041 _aeng
080 _22ND
_a616.34
100 _a9
101 _aSHM
245 _aGASTROINTESTINAL PHYSIOLOGY
_cJOHNSON, L.R
942 _2udc
_cBK
999 _c9864
_d9864